[Event "Norway Chess Open GM 2025"]
[Site "Stavanger NOR"]
[Date "2025.05.27"]
[Round "2.41"]
[White "Gore, Rohan"]
[Black "Lewandrowski, Tomasz"]
[Result "0-1"]
[WhiteElo "2110"]
[BlackElo "1979"]
[WhiteFideId "1773917"]
[BlackFideId "1154753"]
[EventDate "2025.05.26"]

1. e4 c5 2. Nf3 Nc6 3. d4 cxd4 4. Nxd4 e5 5. Nb5 d6 6. N1c3 a6 7. Na3 Be7 8. Nc4
b5 9. Ne3 Nf6 10. Bd3 Be6 11. Ncd5 O-O 12. O-O Nd7 13. c3 Bg5 14. b4 Ne7 15. a4
Bxd5 16. exd5 bxa4 17. Rxa4 a5 18. Bb5 Nb6 19. Rxa5 Rxa5 20. bxa5 Bxe3 21. Bxe3
Nbxd5 22. Qa1 Nxe3 23. fxe3 Qc7 24. Qa3 g6 25. Rd1 Rd8 26. c4 Nf5 27. a6 Qa7 28.
Kf2 h5 29. Bc6 Rb8 30. Bb7 Rxb7 31. axb7 Qxa3 32. b8=Q+ Kg7 33. Re1 Qa2+ 34. Re2
Qxc4 35. g3 Qg4 36. Qb7 e4 37. Qb2+ Kg8 38. Qc3 h4 39. Ke1 hxg3 40. Rb2 Ng7 41.
hxg3 Qxg3+ 42. Kd1 Qg4+ 43. Kc2 Qe6 44. Rb6 f6 45. Rb7 Qe5 46. Qc8+ Kh7 47. Qh3+
Qh5 48. Qd7 Qh6 49. Kd2 f5 50. Qf7 Qh2+ 51. Kc1 Qe5 52. Rb8 Qe6 53. Qf8 g5 54.
Rd8 d5 55. Rd6 Qe5 56. Rd8 g4 57. Qh8+ Kg6 58. Rb8 Qc7+ 59. Kd2 g3 60. Rb1 Qa5+
61. Kc2 Qa2+ 62. Rb2 Qc4+ 63. Kb1 Qd3+ 64. Ka2 Qxe3 65. Qh4 Qa7+ 66. Kb1 Qc7 67.
Rc2 Qb6+ 68. Kc1 Nh5 69. Qe7 Nf6 70. Qe5 Qe3+ 71. Kb2 Qg5 72. Rc6 Qh4 73. Qe8+
Kg5 74. Qf7 Qh6 75. Qc7 Kg4 76. Qe5 Qd2+ 77. Kb3 Nh5 78. Rg6+ Kf3 79. Qxf5+ Nf4
80. Qg4+ Kf2 81. Qxg3+ Ke2 82. Qh2+ Kd3 83. Qg3+ Kd4 84. Qg1+ Qe3+ 85. Qxe3+
Kxe3 86. Rg3+ Kd2 87. Kb4 e3 88. Kc5 e2 89. Rg1 e1=Q 90. Rxe1 Kxe1 91. Kd4 Kf2
92. Kc3 Ke3 93. Kc2 d4 94. Kd1 Ng2 95. Kc1 Ke2 0-1

[Event "Norway Chess Open GM 2025"]
[Site "Stavanger NOR"]
[Date "2025.05.27"]
[Round "2.42"]
[White "Azikri, Gur"]
[Black "Beisteiner, Joachim"]
[Result "1/2-1/2"]
[WhiteElo "1982"]
[BlackElo "2109"]
[WhiteFideId "2812738"]
[BlackFideId "1682296"]
[EventDate "2025.05.26"]

1. Nf3 d5 2. e3 Nf6 3. c4 c6 4. Nc3 e6 5. b3 Bd6 6. Bb2 O-O 7. Be2 b6 8. O-O Bb7
9. d4 Nbd7 10. Qc2 Qc7 11. Rac1 Rac8 12. Rfd1 Rfe8 13. Qb1 Qb8 14. h3 dxc4 15.
bxc4 e5 16. d5 Nf8 17. Ne4 Nxe4 18. Qxe4 f6 19. Nh4 g6 20. g4 cxd5 21. cxd5 Rxc1
22. Rxc1 Qa8 23. Qf3 Kg7 24. e4 Rc8 25. Qb3 Rxc1+ 26. Bxc1 Nd7 27. Nf3 Qc8 28.
Bd2 Qc5 29. Bb5 Bc8 30. Qa4 Qc7 31. Kg2 Nc5 32. Qc2 Bb7 33. Be3 a6 34. Be2 b5
35. g5 Nd7 36. gxf6+ Nxf6 37. Qxc7+ Bxc7 38. Nd2 Kf7 39. Bc5 Ne8 40. Bg4 Bd6 41.
Bb6 Ke7 42. Nb3 Nf6 43. Bf3 Bc8 44. Na5 Ne8 45. Nc6+ Kf6 46. Bd8+ Kf7 47. Bg4
Bxg4 48. hxg4 Nf6 49. f3 h5 50. gxh5 Nxh5 51. Bg5 Nf6 52. Nd8+ Kg7 53. Nb7 Ne8
54. Kg3 Kf7 55. Kg4 Bc7 56. Bc1 Nf6+ 57. Kg5 Nd7 58. Bb2 Bb6 59. Bc1 Bc7 60. Be3
Nf6 61. d6 Bb8 62. Bc5 Nd7 63. Bb4 Ba7 64. Nd8+ Kg7 65. Ne6+ Kf7 66. Nc7 Be3+
67. Kg4 Bc5 68. Nxa6 Bxb4 69. Nxb4 Ke6 70. Kg5 Kxd6 71. Kxg6 Nc5 72. Kf5 Ne6 73.
Nd3 Nd4+ 74. Kg4 Ne2 75. Kf5 Nd4+ 76. Kg4 Ne2 77. f4 exf4 78. Kf3 Nc3 79. Kxf4
Nxa2 1/2-1/2

[Event "Norway Chess Open GM 2025"]
[Site "Stavanger NOR"]
[Date "2025.05.28"]
[Round "3.1"]
[White "Vestby-Ellingsen, Mads"]
[Black "Kantor, Gergely"]
[Result "1-0"]
[WhiteTitle "IM"]
[BlackTitle "GM"]
[WhiteElo "2382"]
[BlackElo "2581"]
[WhiteFideId "1520857"]
[BlackFideId "751499"]
[EventDate "2025.05.26"]

1. e4 e6 2. d4 d5 3. Nd2 a6 4. Ngf3 c5 5. exd5 exd5 6. Be2 Nf6 7. O-O Nc6 8. Re1
Be6 9. dxc5 Bxc5 10. Nb3 Bb6 11. Nbd4 O-O 12. h3 Ne4 13. Be3 Qf6 14. Bf1 Bc7 15.
c3 Qg6 16. Nh4 Qf6 17. Nhf3 h6 18. Rc1 Bd7 19. Qc2 Qg6 20. Kh1 b5 21. Rcd1 Rad8
22. Qc1 Rfe8 23. Nxc6 Bxc6 24. Kg1 Qd6 25. g3 g5 26. Bg2 f5 27. Bd4 f4 28. g4 h5
29. gxh5 Re7 30. Nh2 f3 31. Ng4 fxg2 32. Rxe4 dxe4 33. Qxg5+ Kf8 34. h6 Rdd7 35.
Bg7+ Rxg7 36. hxg7+ Rxg7 37. Rxd6 Rxg5 38. Rxc6 Bd8 39. Rxa6 Rd5 40. a4 Rd2 41.
axb5 Rxb2 42. Ra4 Re2 43. Kxg2 Bb6 44. Kf1 Rc2 45. Rxe4 Rxc3 46. Kg2 Rb3 47. Re5
Kf7 48. Rf5+ Ke7 49. h4 Rb4 50. Rg5 Bd8 51. f3 Kf7 52. Rh5 Kg6 53. Rh8 Bc7 54.
h5+ Kg5 55. h6 Rb2+ 56. Kf1 Rb1+ 57. Ke2 Rb2+ 58. Kd3 Rb3+ 59. Kc4 Rxf3 60. Rg8+
Kf5 61. Rf8+ Kxg4 62. Rxf3 Kxf3 63. h7 Be5 64. b6 Ke4 65. b7 1-0

[Event "Norway Chess Open GM 2025"]
[Site "Stavanger NOR"]
[Date "2025.05.28"]
[Round "3.8"]
[White "Adharsh K"]
[Black "Amar, Elham"]
[Result "0-1"]
[WhiteTitle "FM"]
[BlackTitle "GM"]
[WhiteElo "2322"]
[BlackElo "2569"]
[WhiteFideId "25718207"]
[BlackFideId "1533533"]
[EventDate "2025.05.26"]

1. e4 c5 2. Nf3 d6 3. d4 cxd4 4. Nxd4 Nf6 5. Nc3 a6 6. Be3 e5 7. Nb3 Be6 8. f3
h5 9. Qd2 Nbd7 10. Nd5 Nxd5 11. exd5 Bf5 12. Be2 Rc8 13. c3 Qh4+ 14. Bf2 Qf6 15.
O-O Be7 16. Kh1 h4 17. h3 Qg6 18. c4 Nf6 19. c5 Nh5 20. Rfd1 Bg5 21. Be3 Bxe3
22. Qxe3 O-O 23. Rac1 Ng3+ 24. Kh2 Bc2 25. Re1 Nf5 26. Qf2 Bxb3 27. axb3 Rxc5
28. Rxc5 Qg3+ 29. Qxg3 hxg3+ 30. Kg1 dxc5 31. Bd3 Nd4 32. Rxe5 Rd8 33. d6 Ne6
34. Kf1 Rxd6 35. Bf5 Rd1+ 36. Ke2 Rg1 37. Bxe6 Rxg2+ 38. Kf1 Rf2+ 39. Kg1 fxe6
40. Rxc5 Rxf3 41. b4 Rb3 0-1

[Event "Norway Chess Open GM 2025"]
[Site "Stavanger NOR"]
[Date "2025.05.28"]
[Round "3.2"]
[White "Urkedal, Frode Olav Olsen"]
[Black "Sanket, Chakravarty"]
[Result "1/2-1/2"]
[WhiteTitle "GM"]
[BlackTitle "IM"]
[WhiteElo "2562"]
[BlackElo "2303"]
[WhiteFideId "1506102"]
[BlackFideId "25032038"]
[EventDate "2025.05.26"]

1. e4 c5 2. Nf3 e6 3. d4 cxd4 4. Nxd4 Nf6 5. Nc3 Nc6 6. Nxc6 bxc6 7. e5 Nd5 8.
Ne4 Qc7 9. f4 Rb8 10. c4 Bb4+ 11. Ke2 O-O 12. a3 Be7 13. cxd5 cxd5 14. Nd6 f6
15. Nxc8 Rfxc8 16. exf6 Bxf6 17. Rb1 Qc5 18. Kf3 e5 19. g3 e4+ 20. Kg2 d4 21.
Kh3 h5 22. Rg1 d3 23. Bg2 Qf5+ 24. g4 Qh7 25. Kg3 Rc2 26. h3 Bd4 27. Rf1 Re2 28.
Qa4 hxg4 29. Qc4+ Kh8 30. hxg4 Be3 31. g5 Qh5 32. Qxe4 Bxc1 33. Qxd3 Bxf4+ 34.
Rxf4 Qxg5+ 35. Rg4 Re3+ 36. Kf2 Qxg4 37. Rh1+ Kg8 38. Qxe3 Rxb2+ 39. Ke1 Rb1+
40. Kf2 Rb2+ 41. Ke1 Rb1+ 42. Kf2 Rb2+ 1/2-1/2

[Event "Norway Chess Open GM 2025"]
[Site "Stavanger NOR"]
[Date "2025.05.28"]
[Round "3.7"]
[White "Mahitosh, Dey"]
[Black "Zhu, Jiner"]
[Result "1-0"]
[WhiteTitle "FM"]
[BlackTitle "GM"]
[WhiteElo "2240"]
[BlackElo "2541"]
[WhiteFideId "25091468"]
[BlackFideId "8608059"]
[EventDate "2025.05.26"]

1. d4 Nf6 2. c4 e6 3. Nf3 b6 4. g3 Bb7 5. Bg2 Bb4+ 6. Bd2 Be7 7. Nc3 c6 8. e4 d5
9. exd5 cxd5 10. Ne5 O-O 11. O-O Nbd7 12. Re1 Rc8 13. Rc1 h6 14. Qa4 Nxe5 15.
dxe5 Bc6 16. Qd1 Ne4 17. Nxe4 dxe4 18. Bxe4 Qd4 19. Bxc6 Rxc6 20. b3 Ba3 21. Rc2
Rd8 22. Qe2 Rcc8 23. Bc3 Qd3 24. Qxd3 Rxd3 25. Ree2 b5 26. Red2 bxc4 27. bxc4
Rxd2 28. Bxd2 Bc5 29. Kg2 g5 30. Kf3 Bd4 31. Be3 Bxe5 32. Bxa7 Kf8 33. Ke4 Bc7
34. c5 Ke7 35. Rd2 Ra8 36. Bb6 Ra4+ 37. Rd4 f5+ 38. Ke3 Ra3+ 39. Rd3 Bxb6 40.
cxb6 Rxa2 41. Rb3 Ra8 42. b7 Rb8 43. Kd4 Kd6 44. f4 gxf4 45. gxf4 Ke7 46. Kc5
Kd7 47. Kb6 1-0

[Event "Norway Chess Open GM 2025"]
[Site "Stavanger NOR"]
[Date "2025.05.28"]
[Round "3.3"]
[White "Haug, Havard"]
[Black "Sivuk, Vitaly"]
[Result "0-1"]
[WhiteTitle "FM"]
[BlackTitle "GM"]
[WhiteElo "2354"]
[BlackElo "2501"]
[WhiteFideId "1547887"]
[BlackFideId "14116502"]
[EventDate "2025.05.26"]

1. e4 c5 2. Nf3 d6 3. d4 cxd4 4. Nxd4 Nf6 5. Nc3 a6 6. h4 e5 7. Nb3 Be6 8. Bg5
Nbd7 9. g3 Be7 10. Bg2 Rc8 11. O-O O-O 12. Rc1 h6 13. Bxf6 Nxf6 14. Nd5 Nxd5 15.
exd5 Bd7 16. c4 Qb6 17. Qd2 Rc7 18. Qa5 Qxa5 19. Nxa5 Rfc8 20. Rfd1 f5 21. b4 e4
22. c5 Ba4 23. Nb3 g6 24. Rd2 Rd7 25. c6 bxc6 26. Na5 c5 27. bxc5 Rxc5 28. Rxc5
dxc5 29. Bf1 Bb5 30. Nc4 Rd8 31. Ne5 Bf6 32. Nxg6 c4 33. Rc2 c3 34. Bxb5 axb5
35. Nf4 b4 36. Kf1 Be5 37. Ng2 Kf7 38. Ne3 Kf6 39. Rc1 Bd4 40. Nc2 Bc5 41. Na1
Rxd5 42. Nb3 Bf8 43. Ke2 h5 44. a4 bxa3 45. Rxc3 Rb5 46. Rc6+ Ke5 47. Nd2 Rb2
48. Kd1 a2 49. Ra6 Rb1+ 0-1

[Event "Norway Chess Open GM 2025"]
[Site "Stavanger NOR"]
[Date "2025.05.28"]
[Round "3.4"]
[White "Kunin, Vitaly"]
[Black "Bhagat Kush"]
[Result "1-0"]
[WhiteTitle "GM"]
[BlackTitle "FM"]
[WhiteElo "2497"]
[BlackElo "2279"]
[WhiteFideId "4128737"]
[BlackFideId "46672940"]
[EventDate "2025.05.26"]

1. d4 d5 2. c4 c6 3. Nf3 Nf6 4. Nc3 dxc4 5. a4 Bf5 6. Ne5 Nbd7 7. Nxc4 Qc7 8. g3
e5 9. dxe5 Nxe5 10. Bf4 Nfd7 11. Qc1 f6 12. Bg2 O-O-O 13. O-O g5 14. Nxe5 Nxe5
15. Be3 Qa5 16. Nb5 a6 17. f4 gxf4 18. Rxf4 axb5 19. axb5 Qxb5 20. Rxf5 Be7 21.
Kh1 h5 22. Qe1 h4 23. gxh4 Rdg8 24. Qf2 Kc7 25. Bd4 Rh7 26. Be4 Rg4 27. Rf4
Rhxh4 28. e3 Nd3 29. Bxd3 Rxf4 30. Qxf4+ Rxf4 31. Bxb5 Rh4 32. Bf1 Bd6 33. h3 f5
34. Rd1 b5 35. Rc1 f4 36. Bg2 fxe3 37. Bxe3 Be5 38. Rxc6+ Kd7 39. Rc2 Rb4 40.
Bc1 Ke6 41. Kg1 Rd4 42. Bd2 b4 43. b3 Rd3 44. Bf1 Rg3+ 45. Kf2 Kf5 46. Be3 Rg8
47. Bd3+ Kf6 48. Rc6+ Ke7 49. Re6+ 1-0

[Event "Norway Chess Open GM 2025"]
[Site "Stavanger NOR"]
[Date "2025.05.28"]
[Round "3.5"]
[White "Avadhoot Lokesh Bhakti Brahme"]
[Black "Galperin, Platon"]
[Result "0-1"]
[BlackTitle "GM"]
[WhiteElo "2081"]
[BlackElo "2494"]
[WhiteFideId "33496463"]
[BlackFideId "14165414"]
[EventDate "2025.05.26"]

1. d4 Nf6 2. c4 e6 3. Nf3 d5 4. cxd5 exd5 5. Bg5 c6 6. Nc3 Be7 7. Qc2 Na6 8. a3
g6 9. e3 Bf5 10. Bd3 Bxd3 11. Qxd3 Nc7 12. O-O Ne6 13. Bh4 O-O 14. Ne2 Ne4 15.
Bxe7 Qxe7 16. Rae1 a5 17. Nd2 Nd6 18. f3 b5 19. e4 Nc4 20. Nxc4 bxc4 21. Qd2 Qa7
22. Kh1 Rfd8 23. e5 Rf8 24. Rd1 Rab8 25. f4 f5 26. exf6 Rxf6 27. Ng3 Rbf8 28. f5
Qf7 29. Qxa5 gxf5 30. Ne2 Qh5 31. Qd2 f4 32. Ng1 Rh6 33. h3 Rhf6 34. Nf3 h6 35.
Rde1 Ng5 36. Nxg5 hxg5 37. Re5 Rg6 38. Qe2 Qxe2 39. Rxe2 Rb8 40. Rfe1 Kh7 41. a4
Rg7 42. Kg1 Rb4 43. Re6 Rc7 44. Re7+ Rxe7 45. Rxe7+ Kg6 46. Re6+ Kf5 47. Rxc6
Rxb2 0-1

[Event "Norway Chess Open GM 2025"]
[Site "Stavanger NOR"]
[Date "2025.05.28"]
[Round "3.9"]
[White "Lie, Kjetil A."]
[Black "Southcott-Moyers, Indy"]
[Result "1/2-1/2"]
[WhiteTitle "GM"]
[BlackTitle "CM"]
[WhiteElo "2493"]
[BlackElo "2292"]
[WhiteFideId "1501984"]
[BlackFideId "488542"]
[EventDate "2025.05.26"]

1. e4 e5 2. Nf3 Nc6 3. Bb5 a6 4. Ba4 Nf6 5. d3 Bc5 6. Bxc6 dxc6 7. Nbd2 Qe7 8.
Nc4 Nd7 9. O-O O-O 10. c3 Bd6 11. a4 a5 12. b3 b6 13. Qc2 Re8 14. Re1 Nf8 15. d4
Ng6 16. Bg5 f6 17. dxe5 Bxe5 18. Ncxe5 Nxe5 19. Nxe5 Qxe5 20. Bh4 Bg4 21. Bg3
Qe7 22. e5 fxe5 23. Rxe5 Qf7 24. Rae1 Rxe5 25. Rxe5 Re8 26. h3 Rxe5 27. Bxe5 Qd5
28. hxg4 Qxe5 29. Qd2 h6 30. Qd8+ Kh7 31. Qd3+ Kg8 32. Qd8+ Kh7 33. Qd3+ Kg8 34.
Qd8+ 1/2-1/2

[Event "Norway Chess Open GM 2025"]
[Site "Stavanger NOR"]
[Date "2025.05.28"]
[Round "3.17"]
[White "Kvaloy, Aksel Bu"]
[Black "Swarna Nihal"]
[Result "1-0"]
[WhiteTitle "IM"]
[WhiteElo "2479"]
[BlackElo "2228"]
[WhiteFideId "1528815"]
[BlackFideId "25683640"]
[EventDate "2025.05.26"]

1. d4 Nf6 2. c4 e6 3. g3 d5 4. Bg2 dxc4 5. Qa4+ Bd7 6. Qxc4 Bc6 7. Nf3 Bd5 8.
Qd3 c5 9. Nc3 Bc6 10. O-O cxd4 11. Nxd4 Bxg2 12. Kxg2 Be7 13. Rd1 O-O 14. Qf3
Qc8 15. Bf4 Nc6 16. Ndb5 Rd8 17. Rac1 Rxd1 18. Rxd1 a6 19. Nd6 Bxd6 20. Bxd6 e5
21. Nd5 Nxd5 22. Qxd5 Qf5 23. Bc5 h5 24. Qf3 Qxf3+ 25. Kxf3 Rc8 26. Bb6 Re8 27.
Ke4 g6 28. Rd7 f5+ 29. Kd5 Nb4+ 30. Kd6 Nxa2 31. Bd8 Nc1 32. Bf6 Nxe2 33. Bxe5
Ng1 34. f4 h4 35. Rxb7 Nf3 36. Rg7+ Kf8 37. Rxg6 hxg3 38. Rf6+ Kg8 39. hxg3 Rb8
40. Bc3 Rb6+ 41. Ke7 Rb7+ 42. Ke6 Rg7 43. Rh6 Rh7 44. Rg6+ 1-0

[Event "Norway Chess Open GM 2025"]
[Site "Stavanger NOR"]
[Date "2025.05.28"]
[Round "3.10"]
[White "Rozentalis, Eduardas"]
[Black "Krivenko, Dion"]
[Result "1/2-1/2"]
[WhiteTitle "GM"]
[BlackTitle "FM"]
[WhiteElo "2470"]
[BlackElo "2243"]
[WhiteFideId "12800023"]
[BlackFideId "4508378"]
[EventDate "2025.05.26"]

1. e4 d5 2. exd5 Qxd5 3. Nc3 Qa5 4. g3 Nf6 5. Bg2 e5 6. d3 c6 7. Nf3 Bd6 8. O-O
O-O 9. Bg5 Nbd7 10. Nd2 Qc7 11. Nc4 Bc5 12. Qe2 Re8 13. Rae1 h6 14. Be3 Bf8 15.
Bd2 b5 16. Ne3 b4 17. Ne4 Nxe4 18. Bxe4 Nf6 19. Bg2 a5 20. Nc4 Bg4 21. f3 Bf5
22. Nxe5 Bc5+ 23. Kh1 Bd4 24. f4 Bg4 25. Bf3 Bh3 26. Bg2 Bg4 27. Bf3 Bh3 28. Bg2 1/2-1/2

[Event "Norway Chess Open GM 2025"]
[Site "Stavanger NOR"]
[Date "2025.05.28"]
[Round "3.11"]
[White "Knuedel, Torben"]
[Black "Alonso Garcia, Aaron"]
[Result "0-1"]
[WhiteTitle "FM"]
[BlackTitle "IM"]
[WhiteElo "2319"]
[BlackElo "2454"]
[WhiteFideId "16208820"]
[BlackFideId "24521060"]
[EventDate "2025.05.26"]

1. e4 e6 2. d4 d5 3. Nc3 Nf6 4. Bg5 Bb4 5. Ne2 h6 6. Bxf6 Qxf6 7. a3 Ba5 8. e5
Qe7 9. b4 Bb6 10. Na4 Bd7 11. c3 O-O 12. Nf4 Bxa4 13. Qxa4 Nc6 14. b5 Na5 15.
Be2 c5 16. bxc6 bxc6 17. O-O c5 18. Rad1 Rfc8 19. Rd3 cxd4 20. cxd4 Rc4 21. Qd1
Nc6 22. Nh5 Rxd4 23. Qc1 Nxe5 24. Rxd4 Bxd4 25. Qf4 Qc5 26. Rd1 Bb2 27. Qg3 g6
28. Nf6+ Kg7 29. Nh5+ Kf8 30. Nf6 Qxa3 31. Qh4 Kg7 32. f4 Nf3+ 33. Bxf3 Qe3+ 34.
Kh1 Bxf6 35. Qg3 a5 36. Re1 Qd3 37. Rd1 Qc2 38. f5 Qxf5 39. Qc7 Be5 40. Qb7 Qf4 0-1

[Event "Norway Chess Open GM 2025"]
[Site "Stavanger NOR"]
[Date "2025.05.28"]
[Round "3.16"]
[White "Zhou, Yang-Fan"]
[Black "Grebennikov, Nikolai A."]
[Result "0-1"]
[WhiteTitle "IM"]
[BlackTitle "CM"]
[WhiteElo "2425"]
[BlackElo "2199"]
[WhiteFideId "468584"]
[BlackFideId "4121988"]
[EventDate "2025.05.26"]

1. e4 d6 2. d4 Nf6 3. Nc3 g6 4. Nf3 Bg7 5. Be2 O-O 6. O-O e5 7. dxe5 dxe5 8.
Nxe5 Qxd1 9. Rxd1 Nxe4 10. Nxe4 Bxe5 11. c3 Nd7 12. Bg5 Re8 13. Bb5 c6 14. Bf1
f6 15. Be3 Bxh2+ 16. Kxh2 Rxe4 17. Re1 Ne5 18. f3 Rh4+ 19. Kg3 Rh5 20. f4 Nf7
21. Bd4 Nd6 22. Bxf6 Bf5 23. Kf3 g5 24. g4 Rh4 25. gxf5 Rxf4+ 26. Kg2 Nxf5 27.
Be5 Rg4+ 28. Kf3 h5 29. Bh3 Rh4 30. Bxf5 Rf8 31. Re3 Rxf5+ 32. Ke2 Rg4 33. Kd3
Kf7 34. Rae1 c5 35. c4 h4 36. Bb8 Rd4+ 37. Kc3 a6 38. b4 b5 39. cxb5 Rxb4 40.
bxa6 Rxb8 41. a7 Ra8 42. Re7+ Kg6 43. Kc4 h3 44. Kb5 Rf6 45. Rb7 g4 46. Ree7 Kg5
47. Rh7 Kf4 48. Rb8 Rxa7 49. Rxa7 Rh6 50. Rf7+ Kg3 51. Kxc5 h2 52. Rb3+ Kh4 53.
Rb1 g3 54. Rg7 Kh3 55. a4 g2 0-1

[Event "Norway Chess Open GM 2025"]
[Site "Stavanger NOR"]
[Date "2025.05.28"]
[Round "3.6"]
[White "Yankelevich, Lev"]
[Black "Wiger-Nordas, Felix"]
[Result "1-0"]
[WhiteTitle "GM"]
[WhiteElo "2422"]
[BlackElo "1924"]
[WhiteFideId "24684074"]
[BlackFideId "1557203"]
[EventDate "2025.05.26"]

1. e4 e6 2. d4 d5 3. e5 c5 4. c3 Nc6 5. Nf3 Bd7 6. Be2 Nge7 7. Na3 Ng6 8. h4
cxd4 9. cxd4 Bb4+ 10. Kf1 O-O 11. h5 Nh8 12. h6 g6 13. Nc2 Be7 14. Ne3 f6 15.
exf6 Bxf6 16. Ng4 Be7 17. g3 Nf7 18. Kg2 Ng5 19. Nxg5 Bxg5 20. Bb5 Nb8 21. Qe2
Bxc1 22. Raxc1 Qb6 23. Qe5 1-0

[Event "Norway Chess Open GM 2025"]
[Site "Stavanger NOR"]
[Date "2025.05.28"]
[Round "3.12"]
[White "Wang, Hao(ZJ)"]
[Black "Pang, Ethan"]
[Result "1-0"]
[BlackTitle "FM"]
[WhiteElo "2418"]
[BlackElo "2226"]
[WhiteFideId "8631859"]
[BlackFideId "496995"]
[EventDate "2025.05.26"]

1. e4 c5 2. Nf3 e6 3. d4 cxd4 4. Nxd4 Nf6 5. Nc3 Nc6 6. Ndb5 d6 7. Bf4 e5 8. Bg5
a6 9. Na3 b5 10. Bxf6 gxf6 11. Nd5 f5 12. exf5 Bxf5 13. c3 Bg7 14. Nc2 O-O 15.
Nce3 Be6 16. Bd3 f5 17. O-O Rc8 18. Qh5 e4 19. Bc2 Qe8 20. Qxe8 Rfxe8 21. Nf4
Bc4 22. Bb3 Na5 23. Bxc4+ Nxc4 24. Nxf5 Be5 25. Nd5 Rc5 26. Nfe7+ Kf7 27. b4
Rxd5 28. Nxd5 Rg8 29. f3 exf3 30. Rxf3+ Ke6 31. Nf4+ Ke7 32. Ne2 Rg4 33. a4 h5
34. axb5 axb5 35. Ra7+ Ke6 36. Rb7 Nd2 37. Rd3 Ne4 38. Rxb5 Rg5 39. Rb7 1-0

[Event "Norway Chess Open GM 2025"]
[Site "Stavanger NOR"]
[Date "2025.05.28"]
[Round "3.13"]
[White "Fu, Yihe"]
[Black "Elsness, Frode"]
[Result "1/2-1/2"]
[WhiteTitle "FM"]
[BlackTitle "IM"]
[WhiteElo "2123"]
[BlackElo "2416"]
[WhiteFideId "8619638"]
[BlackFideId "1501100"]
[EventDate "2025.05.26"]

1. e4 c5 2. Nf3 d6 3. d4 cxd4 4. Nxd4 Nf6 5. Nc3 a6 6. Bg5 Nbd7 7. Be2 e6 8. Qd2
Be7 9. f3 Qc7 10. O-O-O O-O 11. g4 b5 12. a3 Bb7 13. h4 Nb6 14. h5 Rac8 15. Kb1
Rfd8 16. Qe3 Nc4 17. Bxc4 Qxc4 18. Qd3 h6 19. Bh4 Qxd3 20. Rxd3 Kf8 21. Rhd1 Nd7
22. Bxe7+ Kxe7 23. Nb3 Nc5 24. Nxc5 dxc5 25. Kc1 1/2-1/2

[Event "Norway Chess Open GM 2025"]
[Site "Stavanger NOR"]
[Date "2025.05.28"]
[Round "3.19"]
[White "Hansen, Torbjorn Ringdal"]
[Black "Ter-Avetisjana, Agnesa Stepania"]
[Result "1-0"]
[WhiteTitle "GM"]
[BlackTitle "WFM"]
[WhiteElo "2407"]
[BlackElo "2185"]
[WhiteFideId "1501720"]
[BlackFideId "11614900"]
[EventDate "2025.05.26"]

1. Nf3 d5 2. g3 c6 3. Bg2 Bg4 4. c4 e6 5. cxd5 exd5 6. O-O Nd7 7. d3 Ngf6 8. h3
Bxf3 9. Bxf3 Bc5 10. Nc3 O-O 11. Bg2 h6 12. Qc2 Re8 13. Na4 Bf8 14. e4 b5 15.
Nc3 Nc5 16. e5 Nfd7 17. d4 Ne6 18. Rd1 f6 19. Qf5 Qb6 20. Nxd5 cxd5 21. Bxd5
Rad8 22. Be3 fxe5 23. Rac1 Qd6 24. dxe5 Qxe5 25. Qxe5 Nxe5 26. Bxe6+ Kh8 27.
Rxd8 Rxd8 28. Bxa7 Nd3 29. Rd1 Rd6 30. b3 g6 31. Bg4 Ra6 32. Bd4+ 1-0

[Event "Norway Chess Open GM 2025"]
[Site "Stavanger NOR"]
[Date "2025.05.28"]
[Round "3.14"]
[White "Tulchynskyi, Feliks"]
[Black "Aarts, Joaquin"]
[Result "1-0"]
[WhiteTitle "FM"]
[WhiteElo "2380"]
[BlackElo "1990"]
[WhiteFideId "34127895"]
[BlackFideId "1078224"]
[EventDate "2025.05.26"]

1. c4 c5 2. Nf3 Nc6 3. Nc3 g6 4. e3 Nf6 5. d4 cxd4 6. exd4 d5 7. cxd5 Nxd5 8.
Qb3 Nxc3 9. bxc3 Bg7 10. Be2 O-O 11. O-O Qc7 12. Be3 Na5 13. Qb4 Nc6 14. Qc4 Qd6
15. Rfd1 Bf5 16. Qb5 b6 17. c4 Rac8 18. Rac1 Rfd8 19. c5 bxc5 20. dxc5 Qc7 21.
Qa4 Bb2 22. Rxd8+ Rxd8 23. Rd1 Rxd1+ 24. Qxd1 Bd7 25. Ng5 h6 26. Nxf7 Kxf7 27.
Qb3+ Be6 28. Qxb2 Qa5 29. Bf1 Qe1 30. Qc2 Ne5 31. Bd2 Nf3+ 32. gxf3 Qe5 33. c6
Qd5 34. Qc3 1-0

[Event "Norway Chess Open GM 2025"]
[Site "Stavanger NOR"]
[Date "2025.05.28"]
[Round "3.20"]
[White "Johansson, Carl Fredrik"]
[Black "Li, Guohao"]
[Result "1/2-1/2"]
[WhiteTitle "CM"]
[WhiteElo "2171"]
[BlackElo "2355"]
[WhiteFideId "1701576"]
[BlackFideId "8619999"]
[EventDate "2025.05.26"]

1. d4 d5 2. c4 e6 3. Nc3 h6 4. Bf4 Nf6 5. e3 Bd6 6. Be5 c6 7. Nf3 O-O 8. Qc2 Re8
9. O-O-O Bb4 10. g4 Nbd7 11. g5 hxg5 12. Nxg5 Qa5 13. Rg1 Bxc3 14. Nxf7 Qxa2 15.
Nh6+ Kh8 16. Nf7+ Kg8 17. Nh6+ Kh8 18. Nf7+ Kg8 19. Nh6+ 1/2-1/2

[Event "Norway Chess Open GM 2025"]
[Site "Stavanger NOR"]
[Date "2025.05.28"]
[Round "3.15"]
[White "Gentemann, Moritz"]
[Black "Chakrabarty, Reyaansh"]
[Result "1/2-1/2"]
[BlackTitle "FM"]
[WhiteElo "2242"]
[BlackElo "2346"]
[WhiteFideId "4688007"]
[BlackFideId "3256944"]
[EventDate "2025.05.26"]

1. c4 e6 2. Nf3 d5 3. e3 Nf6 4. Nc3 Bd6 5. b3 O-O 6. Bb2 Re8 7. d4 b6 8. Be2
Nbd7 9. O-O a6 10. a4 Bb7 11. a5 Qe7 12. axb6 cxb6 13. Re1 Ne4 14. Bd3 Bb4 15.
Qc2 Qf6 16. Ne5 Nxe5 17. dxe5 Qh4 18. Bxe4 dxe4 19. Red1 Red8 20. Rxd8+ Rxd8 21.
Rd1 Qg5 22. Ne2 h6 23. Rxd8+ Qxd8 24. Bd4 b5 25. h3 Qc7 26. Bc3 Bf8 27. cxb5
axb5 28. Qd2 Bd5 29. Bb4 Be7 30. Bxe7 Qxe7 31. Nd4 b4 32. Nc2 Qc7 33. Nxb4 Bxb3
34. Qd4 1/2-1/2

[Event "Norway Chess Open GM 2025"]
[Site "Stavanger NOR"]
[Date "2025.05.28"]
[Round "3.18"]
[White "Garcia Martin, Marta"]
[Black "Pragnya H G"]
[Result "1-0"]
[WhiteTitle "IM"]
[BlackTitle "WFM"]
[WhiteElo "2324"]
[BlackElo "1929"]
[WhiteFideId "32084030"]
[BlackFideId "25609785"]
[EventDate "2025.05.26"]

1. e4 c5 2. Nf3 d6 3. Bb5+ Nd7 4. O-O a6 5. Be2 Ngf6 6. d3 e6 7. a4 b6 8. Nfd2
Be7 9. f4 O-O 10. Bf3 Bb7 11. g4 Ne8 12. Nc3 Nc7 13. Qe2 b5 14. Qg2 g5 15. Nb3
gxf4 16. Na5 Rb8 17. Nxb7 Rxb7 18. Bxf4 Ne5 19. Bh6 Re8 20. g5 Bf8 21. Bh5 bxa4
22. Nd1 Re7 23. Rxa4 Ra7 24. Ne3 Bxh6 25. gxh6+ Ng6 26. Ng4 Ne8 27. e5 d5 28.
Raf4 Kh8 29. Bxg6 hxg6 30. h4 Reb7 31. Nh2 Qc7 32. Nf3 Rxb2 33. Kh1 f5 34. Qxg6
Qf7 35. Qg2 Rb8 36. Ng5 Qg6 37. Rg1 Nc7 38. Rf3 Rf8 39. h7 Raa8 40. Rg3 f4 41.
Rg4 f3 42. Qf2 Qf5 43. R4g3 Qf4 44. Rxf3 Qxf3+ 45. Nxf3 d4 46. Qg3 Rf7 47. Qg8+
Rxg8 48. hxg8=Q# 1-0